|
|
|
|
| LEADER |
01462nam a2200421 a 4500 |
| 001 |
nkc20122345302 |
| 003 |
CZ PrNK |
| 005 |
20120426113309.0 |
| 007 |
ta |
| 008 |
120229s2011 xr a f 000 0 cze |
| 015 |
|
|
|a cnb002345302
|
| 020 |
|
|
|a 978-80-01-04936-5
|q (váz.)
|
| 035 |
|
|
|a (OCoLC)794208086
|
| 040 |
|
|
|a OLA001
|b cze
|
| 072 |
|
7 |
|a 620.9
|x Energetika
|2 Konspekt
|9 19
|
| 080 |
|
|
|a 621.31
|2 MRF
|
| 080 |
|
|
|a 621.311.22/.23
|2 MRF
|
| 080 |
|
|
|a 621.311.25
|2 MRF
|
| 080 |
|
|
|a (048.8:082)
|2 MRF
|
| 245 |
0 |
0 |
|a Jaderné a klasické elektrárny /
|c Jaroslav Doležal ... [et al.]
|
| 250 |
|
|
|a Vyd. 1.
|
| 260 |
|
|
|a Praha :
|b České vysoké učení technické v Praze,
|c 2011
|
| 300 |
|
|
|a 259 s. :
|b il. (převážně barev.) ;
|c 25 cm
|
| 504 |
|
|
|a Obsahuje bibliografické odkazy
|
| 650 |
0 |
7 |
|a elektroenergetika
|7 ph119871
|2 czenas
|
| 650 |
0 |
7 |
|a tepelné elektrárny
|7 ph126579
|2 czenas
|
| 650 |
0 |
7 |
|a jaderné elektrárny
|7 ph114812
|2 czenas
|
| 650 |
0 |
9 |
|a electric power engineering
|2 eczenas
|
| 650 |
0 |
9 |
|a thermal power plants
|2 eczenas
|
| 650 |
0 |
9 |
|a nuclear power plants
|2 eczenas
|
| 655 |
|
7 |
|a kolektivní monografie
|7 fd501537
|2 czenas
|
| 655 |
|
9 |
|a collective monographs
|2 eczenas
|
| 700 |
1 |
|
|a Doležal, Jaroslav,
|d 1942-
|7 jn19981000713
|4 aut
|
| 910 |
2 |
|
|a BOA001
|b 2-1282.435
|
| 990 |
|
|
|a BK
|
| 995 |
|
|
|a 01
|
| 991 |
|
|
|b 201203
|c NOV
|e n
|
| 996 |
6 |
|
|b 2610504396
|c 2-1282.435
|l MZK
|r Sklad / do 1 hodiny
|n 5
|p p.v.
|w 001231654
|u 000010
|a 1
|e BOA001
|j MZK50
|s P
|